| 000 | 02141nam0a2200361 4500 | ||
|---|---|---|---|
| 001 | RU\NLR\BIBL_A\022684644 | ||
| 005 | 20260129094455.0 | ||
| 010 |
_a978-5-98838-073-3 _9500 |
||
| 021 |
_aRU _bКН-П-25-066363 _9КН-П-25-6422 |
||
| 035 | _a(NLR Aleph) 022684644 | ||
| 090 |
_a13540033 _c13540033 |
||
| 100 | _a20251210d2025 u y0rusy50 ca | ||
| 101 | 0 | _arus | |
| 102 | _aRU | ||
| 105 | _ay z 000zy | ||
| 181 | 0 |
_ai _baxxe |
|
| 182 | 0 | _an | |
| 200 | 1 |
_aИдея баланса как потенциальная парадигма конституционно-правового развития современной России _eмонография _fТонков Евгений Евгеньевич, доктор юридических наук, профессор, заслуженный юрист Российской Федерации, Кемрюгов Тенгиз Хатызович, кандидат юридических наук, доцент, Мархгейм Марина Васильевна, доктор юридических наук, профессор |
|
| 203 |
_aТекст _bвизуальный _cнепосредственный |
||
| 210 |
_aМосква _cЮр-ВАК _d2025 |
||
| 215 |
_a248 с. _d21 |
||
| 300 | _aАвт. указаны на обороте тит. с. | ||
| 313 | _aИдея баланса представлена как основопологающий принцип правового регулирования и фактор конституционных преобразований. | ||
| 320 | _aБиблиогр. в подстроч. примеч. | ||
| 606 | 1 |
_aКонституционное право _xПринципы _2nlr_sh2 _3RU\NLR\AUTH\6601607556 |
|
| 686 | 1 | _aХ620-2 | |
| 700 | 1 |
_aТонков _bЕ. Е. _cд-р пед. наук, юрист _f1958- _gЕвгений Евгеньевич _3RU\NLR\AUTH\7724406 |
|
| 701 | 1 |
_aКемрюгов _bТ. Х. _gТенгиз Хатызович |
|
| 701 | 1 |
_aМархгейм _bМ. В. _gМарина Васильевна |
|
| 942 | _cBOOK | ||
| 980 | _aNB | ||